000 00686nam a2200205 a 4500
005 20140310183552.0
008 111013s19uu xx 00 eng d
020 _a9781416607472
050 _aLB 2822.82
_b.H357 2008
100 _aHall, Pete
245 _aBuilding teachers' capacity for success :
_ba collaborative approach for coaches and school leaders /
_cPete Hall, Alisa Simeral.
260 _aVirginia, USA :
_bASCD,
_c2008.
300 _a196 p. :
_c27 cm.
521 _aEDU
650 _aTeacher-administrator relationships
_xUnited States
650 _aSchool improvement programs
_xUnited States
700 _aSimeral, Alisa
942 _cBK
_2lcc
_kFOR
999 _c24961
_d24961